000 00508nam a2200145Ia 4500
008 231217s9999 xx 000 0 und d
041 _aEnglish
082 _a658.8 BRU;1
100 _aBruce, Ian
245 0 _aHow to do successful mail order marketing : how to build a really cost effective operation from scratch
260 _c1996
_bJaico Publishing House,
_aMumbai
300 _a108
650 _ado,successful,mail,order,marketing,:,build,really,cost,effective,operation,from,scratch
942 _cAA
999 _c170472
_d170472